000 00403pab a2200157 454500
008 180718b2005 xxu||||| |||| 00| 0 eng d
100 _aArora, Vivek
245 _aHow much do trading partners matter for economic growth?
260 _c2005
300 _ap.24-40.
650 _aTrade
650 _aEconomic growth
700 _aVamvakidis, Athanasios
773 _aIMF Staff Papers
909 _a66003
999 _c66003
_d66003